000 01040cam a2200241 4500
001 WB3941-14
008 031027n2003 000 0 eng u
035 _a(Sirsi) u124063
245 _aSteps to improve Non Domestic Rates system
260 _c2003
490 _aScottish Executive Press Release
_v 27 October 2003 (2)
520 _aIn order to improve transparency in the Non Domestic Rates system, a Scottish Ratepayers Forum will be established to allow ratepayers and assessors to share information and ideas. Additionally, the Executive, in partnership wih Scottish Assessors, is considering ways to give more notice to ratepayers of changes in their rates bill. Scottish Executive Press Release http://www.scotland.gov.uk/pages/news/2003/10/SEfd289.aspx
590 _aWB
650 _aSCOTTISH EXECUTIVE
650 _aSCOTLAND
650 _aNON DOMESTIC RATES
650 _aRATEPAYERS
650 _aTRANSPARENCY
650 _aFORUM
650 _aRATEABLE VALUES
690 _aRATING AND LOCAL TAXATION
942 _n0
999 _c73654
_d73654